Life and Letters of Saint Paul. (Record no. 5516)
[ view plain ]
| 000 -LEADER | |
|---|---|
| fixed length control field | 00394nam a2200157 a 4500 |
| 082 00 - DEWEY DECIMAL CLASSIFICATION NUMBER | |
| Classification number | 227.09 |
| Author Cutter | HUD |
| 100 ## - MAIN ENTRY--AUTHOR NAME | |
| Author name | Hudson, D F |
| 245 ## - TITLE STATEMENT | |
| Title | Life and Letters of Saint Paul. |
| 260 ## - PUBLICATION, DISTRIBUTION, ETC. (IMPRINT) | |
| Place of publication | London |
| Name of publisher | Hodder & Stoughton |
| Year of publication | 1962 |
| 300 ## - PHYSICAL DESCRIPTION | |
| Number of Pages | 128p |
| 500 ## - GENERAL NOTE | |
| General note | includes index and biblioraphy |
| 505 2# - FORMATTED CONTENTS NOTE | |
| Formatted contents note | Bibliography |
| 650 ## - SUBJECT ADDED ENTRY--TOPICAL TERM | |
| Topical Term | Saints-Christianity-St.Paul |
| 942 ## - ADDED ENTRY ELEMENTS (KOHA) | |
| Koha item type | Books |
| 700 1# - | |
| -- | Hudson, D F |
| Home library | Current library | Date acquired | Cost, normal purchase price | Full call number | Accession Number | Koha item type |
|---|---|---|---|---|---|---|
| Henry Martyn Institute Library | Henry Martyn Institute Library | 01/17/2011 | 100.00 | 227.09 HUD | 06605 | Books |
